| 000 | 00488nam a22001697a 4500 | ||
|---|---|---|---|
| 003 | 0 | ||
| 005 | 20250312152456.0 | ||
| 008 | 250312b xxu||||| |||| 00| 0 eng d | ||
| 020 | _a978-971-237-998-7 | ||
| 050 |
_aKPM 880 _b.D4 2016 |
||
| 100 | _aDe Leon, Hector | ||
| 245 |
_aThe law on negotiable instruments (with documents of title) _cHector S. De Leon |
||
| 260 |
_aManila _bRex Book Store _c2016 |
||
| 300 |
_axvii, 396 pages _c23cm. |
||
| 650 | _aAccounting. | ||
| 942 |
_2lcc _cBK |
||
| 999 |
_c367289 _d367289 |
||